000 00796nam a2200253 a 4500
008
020 _a0412605503 (hbk.)
049 _aMAIN
090 _aT57
100 1 _aVernadat, F.
245 1 0 _aEnterprise modeling and integration :
_bprinciples and applications /
_cF. B. Vernadat.
260 _aLondon :
_bChapman & Hall,
_c1996.
300 _axii, 513 p. :
_bill. ;
_c25 cm.
504 _aIncludes bibliographical references.
500 _aIncludes index.
650 0 _aComputer integrated manufacturing systems.
650 0 _aBusiness
_xGraphic methods.
653 0 _aManufacturing industries
_aManagement
907 _a.b10016429
_b27-06-05
_c17-04-03
003
005 20230123133131.0
040 _cNUST
942 _cBOOKS
_kT57
999 _c143322
_d143322